000 00676nam a2200265Ia 4500
001 9233
005 20240113234156.0
007 ta
008 170306s1969 ii a g b000 u 465 u
040 _aCotton College,Assam
041 _a465
082 _a420
_bC 889 W
100 _aCrystal, David .
245 0 _aWhat is Linguistics ? /
_cDavid Crystal.
_hTextual Documents
250 _a3rd ed. /
260 _aLondon :
_bEdward Arnold ,
_c1969.
300 _aviii, 88p. :
_bill. ;
_c21cm. .
504 _aIndex
653 _aEnglish language
653 _aLinguistics
653 _aG-Languages
942 _2ddc
_cBK
999 _c9220
_d9220